[Event "Ch Quebec (open)"]
[Site "masterchessopen.com – Montreal (Canada)"]
[Date "2010.07.26"]
[Round "4"]
[White "Rousseau Daniel (CAN)"]
[Black "Sapozhnikov Roman (CAN)"]
[Result "0-1"]
[WhiteElo "2077"]
[BlackElo "2226"]

1.e4 c5 2.Nf3 Nc6 3.d4 cxd4 4.Nxd4 Nf6 5.Nc3 d6 6.Bg5 e6 7.Qd2 a6 8.O-O-O Bd7
9.f4 Be7 10.Nf3 b5 11.e5 b4 12.exf6 bxc3 13.Qxc3 gxf6 14.Bh6 d5 15.a3 Rg8
16.f5 Rc8 17.Bxa6 Nb4 18.axb4 Rxc3 19.bxc3 Qa8 20.fxe6 fxe6 21.Be2 Rg6 22.Be3
Rxg2 23.Nd4 e5 24.Bh5+ Kd8 25.Ne2 d4 26.Kb2 dxe3 27.Rhf1 Kc7 28.Bf3 Bc6
29.Bxg2 Bxg2 30.Ra1 Qb7 31.Rg1 f5 32.Nc1 f4 33.Ra5 f3 34.Rxe5 Bf6 35.Rc5+ Kb8
36.Rd1 e2 37.Rd6 e1=Q 38.Rxf6 Qee7 39.Rff5 Qxc5 40.Rxc5 f2 {#R} 0-1

[Event "Ch Romania (team)"]
[Site "masterchessopen.com – Baile Herculane (Romania)"]
[Date "2010.09.08"]
[Round "5"]
[White "Volokitin Andrei (UKR)"]
[Black "Shishkin Vadim (RUS)"]
[Result "1-0"]
[WhiteElo "2661"]
[BlackElo "2461"]

1.e4 c5 2.Nf3 Nc6 3.d4 cxd4 4.Nxd4 Nf6 5.Nc3 d6 6.Bg5 e6 7.Qd2 a6 8.O-O-O Bd7
9.f4 Be7 10.Nf3 b5 11.e5 b4 12.exf6 bxc3 13.Qxc3 gxf6 14.Bh4 d5 15.Kb1 Rc8
16.Bxa6 Rc7 17.Bd3 Nb4 18.Qd4 Nxd3 19.Qxd3 O-O 20.Nd4 Qa8 21.Rhe1 Ba4 22.Re3
Rfc8 23.Rg3+ Kh8 24.Rh3 Kg7 25.Bg5 h5 26.Rxh5 {#r} 1-0

[Event "Ch Hungary (team) 2010/11"]
[Site "masterchessopen.com – Hungary"]
[Date "2010.12.05"]
[Round "4"]
[White "Boros Denes (HUN)"]
[Black "Acs Peter (HUN)"]
[Result "0-1"]
[WhiteElo "2508"]
[BlackElo "2601"]

1.e4 c5 2.Nf3 d6 3.d4 cxd4 4.Nxd4 Nf6 5.Nc3 Nc6 6.Bg5 e6 7.Qd2 a6 8.O-O-O Be7
9.f4 Bd7 10.Be2 b5 11.Bf3 Rc8 12.Nxc6 Bxc6 13.Bxf6 gxf6 14.Ne2 Qb6 15.f5 e5
16.Qh6 a5 17.Ng3 a4 18.Nh5 a3 19.Nxf6+ Kd8 20.Qg7 Rf8 21.Nxh7 Qe3+ 22.Kb1 Bxe4
23.Bxe4 Qxe4 24.Rd3 Qe2 25.Rc1 Rxc2 26.Rxc2 Qf1+ 27.Rc1 Qxd3+ 28.Rc2 Qf1+
29.Rc1 Qxf5+ 30.Rc2 Re8 31.h4 Kd7 32.g4 Qf1+ 33.Rc1 Qd3+ 34.Ka1 Qd4 35.Rb1 Rc8
{#R} 0-1

[Event "Ch Iran"]
[Site "masterchessopen.com – Tabriz (Iran)"]
[Date "2011.01.07"]
[Round "9"]
[White "Javanbakht Nima (IRI)"]
[Black "Ghaem Maghami Ehsan (IRI)"]
[Result "0-1"]
[WhiteElo "2311"]
[BlackElo "2583"]

1.e4 c5 2.Nf3 d6 3.d4 cxd4 4.Nxd4 Nf6 5.Nc3 a6 6.Bg5 e6 7.f4 Bd7 8.Qd2 Nc6
9.O-O-O Be7 10.Nb3 b5 11.Bxf6 gxf6 12.Be2 O-O 13.Rhf1 Kh8 14.Bh5 Na5 15.Rf3
Nc4 16.Qe1 Rc8 17.Kb1 b4 18.Ne2 Qc7 19.Rc1 Qb7 20.Rh3 f5 21.exf5 Qxg2 22.Rg3
Qxh2 23.Qh1 Qxh1 24.Rxh1 e5 25.fxe5 dxe5 26.Rf1 Bf6 27.c3 a5 28.Rd3 Bc6 29.Nd2
e4 30.Nxc4 exd3 31.Nf4 Bg2 {#R} 0-1

[Event "Ch Belgium (team) 2010/11"]
[Site "masterchessopen.com – Belgium"]
[Date "2011.01.09"]
[Round "6"]
[White "Ahn Martin (BEL)"]
[Black "Timmermans Daniel (BEL)"]
[Result "1-0"]
[WhiteElo "2290"]
[BlackElo "1948"]

1.e4 c5 2.Nf3 d6 3.d4 cxd4 4.Nxd4 Nf6 5.Nc3 Nc6 6.Bg5 e6 7.Qd2 a6 8.f4 Be7
9.O-O-O Bd7 10.Be2 Rc8 11.Bf3 Na5 12.Nb3 Nc4 13.Qd4 Qc7 14.e5 dxe5 15.fxe5
Nxe5 16.Bxb7 Qxb7 17.Qxe5 O-O 18.Rhf1 Ng4 19.Qf4 e5 20.Qd2 Bxg5 21.Qxg5 Be6
22.h3 h6 23.Qd2 Nf6 24.Rxf6 gxf6 25.Qxh6 Qxg2 26.Qxf6 Qg7 27.Qf2 Qh6+ 28.Kb1
Kh8 29.Nc5 Qf4 30.Qxf4 exf4 31.N5e4 f5 32.Ng5 Bc4 33.Rd4 Rce8 34.Kc1 Bf1
35.Rxf4 Re3 36.Rxf1 Rg3 37.Nce4 Rg2 38.Ne6 Rf7 39.N4g5 Rd7 40.Rd1 Rxd1+
41.Kxd1 f4 42.h4 Rg4 43.h5 Rh4 44.h6 f3 45.Nxf3 Rxh6 46.Nfg5 Rh2 47.b3 Rg2
48.Kc1 Rh2 49.Kb2 Rg2 50.b4 {#r} 1-0

[Event "It (open)"]
[Site "masterchessopen.com – Chennai (India)"]
[Date "2011.01.20"]
[Round "4"]
[White "Muralidharan M B (IND)"]
[Black "Greenfeld Alon (ISR)"]
[Result "0-1"]
[WhiteElo "2202"]
[BlackElo "2573"]

1.e4 c5 2.Nf3 d6 3.d4 cxd4 4.Nxd4 Nf6 5.Nc3 Nc6 6.Bg5 e6 7.Qd2 Be7 8.O-O-O a6
9.f4 Bd7 10.Nf3 b5 11.Bd3 b4 12.Ne2 a5 13.Kb1 a4 14.Nc1 O-O 15.g4 Qb6 16.Bh4
Rfc8 17.g5 Nh5 18.Bf2 Qb7 19.Be3 b3 20.cxb3 Nb4 21.Nd4 axb3 22.a3 d5 23.e5 Nc2
24.Ncxb3 Nxd4 25.Nxd4 Bxa3 26.Qe2 Rcb8 27.Rd2 g6 28.Rc1 Bb4 29.Rdc2 Qa7 30.Rc7
Qa2+ {#R} 0-1

[Event "Bundesliga 2010/11 (w)"]
[Site "masterchessopen.com – Germany"]
[Date "2011.02.20"]
[Round "9"]
[White "Fojudzka Anna (POL)"]
[Black "Madl Ildiko (HUN)"]
[Result "0-1"]
[WhiteElo "2205"]
[BlackElo "2399"]

1.e4 c5 2.Nf3 d6 3.d4 cxd4 4.Nxd4 Nf6 5.Nc3 Nc6 6.Bg5 e6 7.Qd2 a6 8.O-O-O Be7
9.f4 Bd7 10.Be2 h6 11.Bxf6 Bxf6 12.Nxc6 Bxc6 13.Bf3 Be7 14.Kb1 Qb6 15.Rhe1
O-O-O 16.Re3 Bf6 17.Rd3 g5 18.g3 Rhg8 19.Qe1 gxf4 20.gxf4 Qc5 21.a3 Kb8 22.b4
Qb6 23.Qd2 Be7 24.Bh5 Rg7 25.Rg3 Rxg3 26.hxg3 a5 27.Qd4 Qxd4 28.Rxd4 Be8
29.bxa5 Rc8 30.Nd1 Rc5 31.Bf3 Rxa5 32.Rd3 Bb5 33.Rb3 Ba4 34.Rd3 Bc6 35.Ne3 f5
36.Nc4 Rb5+ 37.Rb3 Rxb3+ 38.cxb3 Bxe4+ 39.Bxe4 fxe4 40.Nd2 d5 41.b4 Kc7 42.Kc2
Kd6 43.Kd1 e5 44.fxe5+ Kxe5 45.Ke2 b6 {#R} 0-1

[Event "It (open)"]
[Site "masterchessopen.com – Cappelle la Grande (France)"]
[Date "2011.03.02"]
[Round "6"]
[White "Calistri Tristan (FRA)"]
[Black "Uhoda Philippe (BEL)"]
[Result "1-0"]
[WhiteElo "2383"]
[BlackElo "2118"]

1.e4 c5 2.Nf3 Nc6 3.d4 cxd4 4.Nxd4 Nf6 5.Nc3 d6 6.Bg5 e6 7.Qd2 a6 8.O-O-O Bd7
9.f4 Be7 10.Nf3 h6 11.Bxf6 Bxf6 12.Qxd6 Bxc3 13.bxc3 Rc8 14.Be2 Qc7 15.h4 Qxd6
16.Rxd6 Ke7 17.Rhd1 Rc7 18.g4 Rhc8 19.g5 hxg5 20.hxg5 f6 21.gxf6+ gxf6 22.Nh4
Be8 23.f5 {#r} 1-0

[Event "Ch Poland (juniors) (under 16)"]
[Site "masterchessopen.com – Murzasichle (Poland)"]
[Date "2011.03.09"]
[Round "6"]
[White "Chmielewski Jakub (POL)"]
[Black "Popiol Michal (POL)"]
[Result "0-1"]
[WhiteElo "1753"]
[BlackElo "1836"]

1.e4 c5 2.Nf3 d6 3.d4 cxd4 4.Nxd4 Nf6 5.Nc3 a6 6.Bg5 e6 7.f4 Bd7 8.Qd2 Be7
9.O-O-O Nc6 10.Be2 b5 11.Bf3 Rc8 12.Nxc6 Bxc6 13.Bxf6 gxf6 14.f5 b4 15.Ne2 e5
16.Qxb4 d5 17.Qb3 d4 18.Kb1 Qa5 19.Rc1 O-O 20.c3 d3 21.Ng3 Rb8 22.Qd1 Ba3
23.b3 Ba4 24.Nh5 Bxb3 25.axb3 Bxc1 26.Nxf6+ Kh8 27.Nd5 Qa3 {#R} 0-1

[Event "It \"]
[Site "masterchessopen.com – Nachod (Czech Republic)"]
[Date "2011.07.03"]
[Round "2"]
[White "Szucs Matyas (CZE)"]
[Black "Kraus Tomas (CZE)"]
[Result "0-1"]
[WhiteElo "1813"]
[BlackElo "2197"]

1.e4 c5 2.Nf3 d6 3.d4 cxd4 4.Nxd4 Nf6 5.Nc3 e6 6.Bg5 Nc6 7.Qd2 a6 8.O-O-O Bd7
9.f4 Be7 10.Nb3 b5 11.a3 b4 12.axb4 Nxb4 13.Bxf6 gxf6 14.g4 Rb8 15.f5 h6
16.Bg2 a5 17.Rhf1 a4 18.Nd4 Qb6 {#R} 0-1

[Event "Ch Pan-American (juniors) (under 14) (g)"]
[Site "masterchessopen.com – Cali (Colombia)"]
[Date "2011.07.08"]
[Round "9"]
[White "Peng Jackie (CAN)"]
[Black "Clavijo Indira (PER)"]
[Result "1-0"]
[WhiteElo "1899"]
[BlackElo "1669"]

1.e4 c5 2.Nf3 d6 3.d4 cxd4 4.Nxd4 Nf6 5.Nc3 Nc6 6.Bg5 e6 7.Qd2 a6 8.O-O-O Bd7
9.f4 Be7 10.g4 Nxg4 11.Bxe7 Qxe7 12.Rg1 Nxd4 13.Qxd4 e5 14.Qb6 O-O 15.h3 Nh2
16.Nd5 Qe6 17.Qe3 Nxf1 18.Rdxf1 Qh6 19.Kb1 Kh8 20.Qa3 exf4 21.Nxf4 f5 22.Rf2
fxe4 23.Rgf1 Rfe8 24.Nd5 Rab8 25.Nc7 Rec8 26.Rf7 Bb5 27.Rg1 {#r} 1-0

[Event "Ch Croatia (juniors) (under 19)"]
[Site "masterchessopen.com – Topusko (Croatia)"]
[Date "2011.07.27"]
[Round "6"]
[White "Grguric Stjepan-Kresimir (CRO)"]
[Black "Filipovic Ivan (CRO)"]
[Result "0-1"]
[WhiteElo "1966"]
[BlackElo "2039"]

1.e4 c5 2.Nf3 d6 3.d4 cxd4 4.Nxd4 Nf6 5.Nc3 Nc6 6.Bg5 e6 7.Qd2 Be7 8.O-O-O a6
9.f4 Bd7 10.Kb1 O-O 11.Nb3 Ne8 12.Bxe7 Qxe7 13.g4 b5 14.a3 b4 15.axb4 Nxb4
16.Na5 Bc6 17.Nxc6 Nxc6 18.h4 Qb7 19.h5 Rb8 20.b3 e5 21.g5 Nc7 22.g6 Na5 23.h6
fxg6 24.hxg7 Rf7 25.Qh2 Rxg7 26.Rxd6 Ne8 27.Rxa6 Qb4 28.Rxa5 Qxa5 29.Bc4+ Kh8
30.Kb2 Ra7 31.Nb1 Qc7 32.Bd5 exf4 33.Nc3 Qe5 34.Qg1 Rc7 35.Rh3 g5 36.Qh2 Nf6
37.Qd2 g4 38.Rd3 f3 39.Bc4 Nxe4 40.Rd8+ Rxd8 41.Qxd8+ Kg7 42.Qg8+ Kh6 43.Qf8+
Rg7 {#R} 0-1

[Event "Ch World (juniors) (under 20)"]
[Site "masterchessopen.com – Chennai (India)"]
[Date "2011.08.06"]
[Round "5"]
[White "Firat Burak (TUR)"]
[Black "Nabaty Tamir (ISR)"]
[Result "0-1"]
[WhiteElo "2387"]
[BlackElo "2563"]

1.e4 c5 2.Nf3 d6 3.d4 cxd4 4.Nxd4 Nf6 5.Nc3 Nc6 6.Bg5 e6 7.Qd2 a6 8.O-O-O Bd7
9.f4 Be7 10.g3 h6 11.Bh4 Rc8 12.Bg2 Na5 13.e5 Nc4 14.Qe2 dxe5 15.fxe5 Qb6
16.Nb3 g5 17.exf6 Bxf6 18.Nd5 Bxb2+ 19.Kb1 Qb5 20.Qf3 exd5 21.Rhe1+ Be6 22.Bh3
O-O 23.Rxe6 fxe6 24.Bxe6+ Kg7 {#R} 0-1

[Event "Olympiad (under 16)"]
[Site "masterchessopen.com – Kocaeli (Turkey)"]
[Date "2011.10.26"]
[Round "4"]
[White "Apresyan Zohrak (ARM)"]
[Black "Khomeriki Nino (GEO)"]
[Result "1-0"]
[WhiteElo "2185"]
[BlackElo "1903"]

1.e4 c5 2.Nf3 d6 3.d4 cxd4 4.Nxd4 Nf6 5.Nc3 Nc6 6.Bg5 e6 7.Qd2 a6 8.O-O-O Bd7
9.f4 Be7 10.Nf3 Rc8 11.Bxf6 Bxf6 12.Qxd6 Bxc3 13.bxc3 Nb8 14.Ne5 Qa5 15.Qb4
Qxa2 16.Nc4 a5 17.Nxa5 Nc6 18.Nxc6 bxc6 19.Qc5 Ra8 20.Kd2 Qa5 21.Qxa5 Rxa5
22.Rb1 Ke7 23.Bd3 c5 24.Rb7 Rc8 25.e5 Ke8 26.Rhb1 Bc6 27.Rb8 Kd7 28.Rxc8 Kxc8
29.Bxh7 g6 30.Bg8 Ra7 31.g4 Bd5 32.h4 Bf3 33.Rg1 Kd8 34.Ke3 Bd5 35.h5 Ke8
36.hxg6 fxg6 37.f5 gxf5 38.gxf5 Ra4 39.Rb1 Re4+ 40.Kd2 Rxe5 41.f6 Rf5 42.Rb8+
Kd7 43.f7 Ke7 44.Re8+ {#r} 1-0

[Event "Czech League 2011/12 (2nd) (f)"]
[Site "masterchessopen.com – Czech Republic"]
[Date "2011.11.20"]
[Round "3"]
[White "Kana Pavel (CZE)"]
[Black "Worek Joanna (POL)"]
[Result "0-1"]
[WhiteElo "2052"]
[BlackElo "2265"]

1.e4 c5 2.Nf3 d6 3.d4 cxd4 4.Nxd4 Nf6 5.Nc3 e6 6.Bg5 Be7 7.Qd2 Nc6 8.O-O-O a6
9.f4 Bd7 10.Be2 Rc8 11.Nb3 Na5 12.Kb1 b5 13.a3 Nc6 14.Bf3 Rb8 15.Rhe1 b4
16.axb4 Nxb4 17.e5 dxe5 18.fxe5 Nfd5 19.Bxe7 Qxe7 20.Nxd5 exd5 21.Bxd5 O-O
22.Be4 Bg4 23.Qd6 Qe8 24.Rd4 Qa4 25.Bxh7+ Kxh7 26.Rxg4 Rfd8 27.Rh4+ Kg8 28.Qc5
Qa2+ 29.Kc1 Nd3+ 30.cxd3 Rdc8 31.Rc4 Rxc5 32.Nxc5 Rxb2 33.Kd1 Rd2+ {#R} 0-1

[Event "Steirische Liga 2011/12"]
[Site "masterchessopen.com – Austria"]
[Date "2012.02.18"]
[Round "9"]
[White "Birk Steffen (GER)"]
[Black "Cigan Stefan (SLO)"]
[Result "0-1"]
[WhiteElo "2242"]
[BlackElo "2343"]

1.e4 c5 2.Nf3 d6 3.d4 cxd4 4.Nxd4 Nf6 5.Nc3 Nc6 6.Bg5 e6 7.Qd2 a6 8.O-O-O Bd7
9.f4 Be7 10.Nf3 b5 11.Bd3 h6 12.Bh4 g5 13.fxg5 Ng4 14.Bg3 hxg5 15.Rhf1 Nce5
16.Nxe5 Nxe5 17.Qf2 O-O 18.Bxe5 dxe5 19.Qg3 Rc8 20.Qxe5 f6 21.Qg3 Rc5 22.h4
Kg7 23.hxg5 Rxg5 24.Qf4 Qb8 25.Bc4 Qa7 26.Bb3 Bc8 27.Rh1 Qc5 28.Qh4 Rg8 29.Nd5
exd5 30.Bxd5 Rxd5 31.exd5 Bf5 32.Qf2 Qxf2 {#R} 0-1

[Event "It (sheveningen)"]
[Site "masterchessopen.com – Richardson (USA)"]
[Date "2012.03.15"]
[Round "9"]
[White "Robson Ray (USA)"]
[Black "Pavlovic Milos (SRB)"]
[Result "1-0"]
[WhiteElo "2596"]
[BlackElo "2531"]

1.e4 c5 2.Nf3 d6 3.d4 cxd4 4.Nxd4 Nf6 5.Nc3 Nc6 6.Bg5 e6 7.Qd2 a6 8.O-O-O Bd7
9.f4 Be7 10.Nf3 b5 11.Bd3 b4 12.Ne2 Qc7 13.Kb1 O-O 14.e5 dxe5 15.fxe5 Nd5
16.Nf4 Nc3+ 17.bxc3 bxc3 18.Qxc3 Rab8+ 19.Kc1 Bb4 20.Qc4 Qa5 21.Bxh7+ Kxh7
22.Rxd7 Ba3+ 23.Kd1 Rb1+ 24.Ke2 Nxe5 25.Qe4+ f5 26.Qxe5 {#r} 1-0

[Event "Ch Europe"]
[Site "masterchessopen.com – Plovdiv (Bulgaria)"]
[Date "2012.03.29"]
[Round "9"]
[White "Bulmaga Irina (ROM)"]
[Black "Ivanov Alexey Jr (RUS)"]
[Result "0-1"]
[WhiteElo "2360"]
[BlackElo "2424"]

1.e4 c5 2.Nf3 Nc6 3.d4 cxd4 4.Nxd4 Nf6 5.Nc3 d6 6.Bg5 e6 7.Qd2 Be7 8.O-O-O a6
9.f4 Bd7 10.Nxc6 Bxc6 11.Qe1 Qc7 12.e5 dxe5 13.fxe5 Nd5 14.Bxe7 Nxe7 15.Bd3
Bxg2 16.Rg1 Bf3 17.Rd2 O-O-O 18.Rf2 Bh5 19.Rxg7 Nc6 20.Rg5 Bg6 21.Bxg6 hxg6
22.a3 Rh4 23.Kb1 Rhd4 24.Qe3 Na5 25.b3 Nxb3 26.Ne4 Rxe4 27.Qxe4 Qc3 28.Ka2 Rd1
{#R} 0-1

[Event "Tournament (open)"]
[Site "masterchessopen.com – Mondariz (Spain)"]
[Date "2012.04.01"]
[Round "2"]
[White "Outerelo Ucha Manuel (ESP)"]
[Black "Draghici Gavril (ESP)"]
[Result "1-0"]
[WhiteElo "2197"]
[BlackElo "2106"]

1.e4 c5 2.Nf3 d6 3.d4 Nf6 4.Nc3 cxd4 5.Nxd4 Nc6 6.Bg5 e6 7.Qd2 a6 8.O-O-O Bd7
9.f4 Be7 10.Nf3 h6 11.Bxf6 gxf6 12.Bd3 Qc7 13.Kb1 O-O-O 14.Rhe1 Kb8 15.Nd5
exd5 16.exd5 Rhe8 17.dxc6 Bxc6 18.Nd4 Bd7 19.Bf5 Bc6 20.Nxc6+ Qxc6 21.Be4 d5
22.Bxd5 Qc5 23.c4 Qb6 24.Qc2 Bb4 25.Rxe8 Rxe8 26.Bxf7 Re1 27.Rxe1 Bxe1 28.Bd5
Bb4 29.Qh7 Bd6 30.g3 Qg1+ 31.Kc2 Qxh2+ 32.Kb3 Qxg3+ 33.Ka4 Bc7 34.Qh8+ Ka7
35.Qc8 b5+ 36.cxb5 axb5+ 37.Kxb5 Qd3+ 38.Kc6 {#r} 1-0

[Event "It (open)"]
[Site "masterchessopen.com – Lenk (Switzerland)"]
[Date "2012.04.09"]
[Round "7"]
[White "Javet Blaise (SUI)"]
[Black "Paladini Jean-Michel (SUI)"]
[Result "0-1"]
[WhiteElo "2072"]
[BlackElo "2064"]

1.e4 c5 2.Nf3 d6 3.d4 cxd4 4.Nxd4 Nf6 5.Nc3 a6 6.Bg5 e6 7.f4 Bd7 8.Qd2 Nc6
9.O-O-O Be7 10.Nf3 h6 11.Bh4 g5 12.fxg5 Nh7 13.g6 Bxh4 14.gxf7+ Kxf7 15.Qf4+
Bf6 16.Rxd6 Ke7 17.h4 Bxc3 18.bxc3 Qa5 19.Rxd7+ Kxd7 20.Qf7+ Kc8 21.Bc4 Kb8
22.Qxe6 Ka7 23.Bd5 Qxc3 24.Rh3 Rac8 25.Nd2 Qa1+ 26.Nb1 Qe5 27.Qxh6 Nf6 28.Qe3+
Qd4 29.c3 Qxe3+ 30.Rxe3 Rxh4 31.Nd2 Ne5 32.Nf3 Rh1+ 33.Kc2 Nfg4 34.Re2 Rf1
35.Nd4 Rh8 36.Nf5 Rd8 37.Ne7 Rd7 38.c4 {#R} 0-1

[Event "It \"]
[Site "masterchessopen.com – Golden Sands (Bulgaria)"]
[Date "2012.06.06"]
[Round "3"]
[White "Firat Burak (TUR)"]
[Black "Stocek Jiri (CZE)"]
[Result "0-1"]
[WhiteElo "2428"]
[BlackElo "2595"]

1.e4 c5 2.Nf3 Nc6 3.d4 cxd4 4.Nxd4 Nf6 5.Nc3 d6 6.Bg5 e6 7.Qd2 a6 8.O-O-O Bd7
9.f4 Be7 10.Nf3 b5 11.e5 b4 12.exf6 bxc3 13.Qxc3 gxf6 14.a3 d5 15.f5 Rc8
16.fxe6 fxe6 17.Bd3 Ne5 18.Qd4 Nxd3+ 19.Rxd3 Bc5 {#R} 0-1

[Event "It \"]
[Site "masterchessopen.com – Rethymno (Greece)"]
[Date "2012.06.16"]
[Round "4"]
[White "Spirou Marina (GRE)"]
[Black "Eftimakis Dimitros (GRE)"]
[Result "1-0"]
[WhiteElo "1888"]
[BlackElo "2136"]

1.e4 c5 2.Nf3 d6 3.d4 cxd4 4.Nxd4 Nf6 5.Nc3 Nc6 6.Bg5 e6 7.Qd2 Be7 8.f4 a6
9.O-O-O Bd7 10.Be2 Qc7 11.Rhe1 h6 12.Bxf6 gxf6 13.Bh5 Nxd4 14.Qxd4 Rc8 15.Qf2
b5 16.e5 Bc6 17.exf6 b4 18.Rxe6 {#r} 1-0

[Event "It (open) (b)"]
[Site "masterchessopen.com – Dortmund (Germany)"]
[Date "2012.07.16"]
[Round "3"]
[White "Seref Okan"]
[Black "Rauscher Joachim"]
[Result "0-1"]
[WhiteElo "1714"]
[BlackElo "1697"]

1.e4 c5 2.Nf3 Nc6 3.Nc3 d6 4.d4 cxd4 5.Nxd4 Nf6 6.Bg5 e6 7.Qd2 a6 8.O-O-O Bd7
9.f4 Be7 10.g4 b5 11.Bxf6 gxf6 12.Bg2 b4 13.Nce2 a5 14.Nb5 b3 15.axb3 a4
16.bxa4 Rxa4 17.c3 O-O 18.Nxd6 Qa5 19.Qd3 Rb8 20.Nc4 Qb5 21.b4 Nxb4 22.Qxd7
Na2+ 23.Kc2 Qb3+ 24.Kd2 Rd8 25.Qxd8+ Bxd8 26.Ne3 Ba5 27.Rb1 Bxc3+ 28.Nxc3
Qxc3+ 29.Ke2 Nb4 30.Rbd1 Ra2+ 31.Kf3 Ra3 32.Rde1 Nc2 33.Rc1 Qb3 {#R} 0-1

[Event "Ch Netherlands (open)"]
[Site "masterchessopen.com – Dieren (Netherlands)"]
[Date "2012.07.25"]
[Round "2"]
[White "Efroimski Marsel (ISR)"]
[Black "Bakre Tejas (IND)"]
[Result "0-1"]
[WhiteElo "2187"]
[BlackElo "2482"]

1.e4 c5 2.Nf3 Nc6 3.d4 cxd4 4.Nxd4 Nf6 5.Nc3 d6 6.Bg5 e6 7.Qd2 Be7 8.O-O-O a6
9.f4 Bd7 10.Nb3 b5 11.Bxf6 gxf6 12.Qe3 Qc7 13.Kb1 h5 14.f5 Ne5 15.fxe6 fxe6
16.Qg3 Kf7 17.Nd4 Rag8 18.Qf2 Qc5 19.Qd2 Nc6 20.Nxc6 Bxc6 21.Qd4 b4 22.Ne2 Rg4
23.Qxc5 dxc5 24.Nc1 Bxe4 25.Bxa6 Bxg2 26.Rhg1 Bf3 27.Rdf1 Rhg8 28.Rxg4 hxg4
29.Bc4 Rh8 30.Nd3 Bd6 31.Ne1 Bd5 32.Be2 Rh4 33.a4 bxa3 34.bxa3 Bxh2 35.c4 Be4+
36.Ka2 Bc7 37.Kb3 Rh3+ 38.Kb2 Rh2 {#R} 0-1